| 000 | 00776nam a22002415a 4500 | ||
|---|---|---|---|
| 008 | 150831s2014 ii a fr 001 0 eng d | ||
| 020 | _a9788189757144 | ||
| 020 | _a8189757148 | ||
| 040 |
_aEG-ScBUE _beng _cEG-ScBUE _dEG-ScBUE |
||
| 082 | 0 | 4 |
_a005.131 _bPAN _222 |
| 100 | 1 |
_aPandy, Adesh Kumar. _938962 |
|
| 245 | 1 | 3 |
_aAn Introduction to automata theory and formal languages / _cAdesh Kumar Pandey. |
| 250 | _36th ed. | ||
| 260 |
_aNew Delhi : _bS. K. Kartaria & Sons, _c2014. |
||
| 300 |
_a376 p. : _bill. ; _c24 cm. |
||
| 500 | _aIndex : p. 373-376. | ||
| 650 | 7 |
_aMachine theory. _2BUEsh _93450 |
|
| 650 | 0 |
_aMathematical linguistics. _2BUEsh |
|
| 651 | _2BUEsh | ||
| 653 |
_bCOMSCI _cAugust2015 _cJanuary2016 |
||
| 650 | 7 |
_93451 _aFormal languages _2BUEsh |
|
| 942 | _2ddc | ||
| 999 |
_c20781 _d20753 |
||